| 000 | 00535nam a22001937a 4500 | ||
|---|---|---|---|
| 003 | CEME | ||
| 005 | 20210628202209.0 | ||
| 008 | 210209b xxu||||| |||| 00| 0 eng d | ||
| 020 | _a0-8247-4772-0 | ||
| 040 | _c. | ||
| 082 | _a620.11292 BAY | ||
| 100 |
_aBayer , Raymond .G. _958717 |
||
| 245 | _aEngineering design for wear ,revised and expanded | ||
| 250 | _a2ND | ||
| 260 |
_aNEW YORK _bMARCEL DEKKER _c2004 |
||
| 300 | _aXI,422P | ||
| 650 |
_aENGINEERING DESIGN FOR WEAR.WEAR DESIGN. WEAR BEHAVIOR _958718 |
||
| 942 |
_cBK _2ddc |
||
| 999 |
_c568848 _d568848 |
||